000 00664nam a2200229Ia 4500
003 OSt
005 20220926043133.0
006 a|||||r|||| 00| 0
007 ta
008 220923b |||||||| |||| 00| 0 eng d
037 _cGeneral Book
040 _aRTL
_cRTL
_beng
041 _2eng
_aeng
082 _aY31:356.2.N6, K6
100 _aIshwaran K
_9133075
245 0 _aTradition and economy in village India
260 _c1966
490 _aInternational Library of Sociology and Social Reconstruction. Ed by W J H Sprott
650 _aRural Sociology
942 _hY31:356.2.N6, K6
_cGB
_2CC
999 _c671534
_d671534